| 000 | 00696nam a2200241 i 4500 | ||
|---|---|---|---|
| 001 | 59885 | ||
| 003 | ES-MaACL | ||
| 005 | 20250827062604.0 | ||
| 007 | t| | ||
| 008 | 031031s1985 sp ||||1| spa d | ||
| 020 | _a84-369-1236-5 | ||
| 110 | 1 |
_aEspaña _93622 |
|
| 240 | 1 | 0 | _aLey de educación, 1985 |
| 245 | 1 | 0 |
_aLey orgánica del derecho a la educación _b: LODE. |
| 250 | _a[1ª ed.]. | ||
| 260 |
_aMadrid : _bMinisterio de Educación y Ciencia, _c1985. |
||
| 300 |
_a156 p. ; _c19 cm. |
||
| 490 | 1 | _aCuadernos legislativos | |
| 740 | 0 | _aLey de educación, 1985. | |
| 830 | 0 |
_aCuadernos legislativos _9230537 |
|
| 852 |
_aES-MaACL _jL-8877 _bR.110388 |
||
| 999 |
_c59885 _d59885 |
||